Valorant VCT teams 2025 - Statistiques

Statistiques générales
  • Ce quiz a été pris 1 003 fois
  • Le résultat moyen est 25 sur 46
Statistiques - réponses
Par images Réponse % Correct
Karmine Corp
96%
Team Vitality
96%
Gentle Mates
95%
NRG
94%
G2 esport
92%
Natus Vincere / NAVI
91%
Fnatic
90%
Fut Esport
90%
KOI
90%
Team Liquid
89%
Team Heretics
86%
T1
84%
Cloud9
82%
GenG
77%
Loud
76%
Furia
71%
Sentinels
71%
GiantX
70%
Edward Gaming
69%
Apeks
68%
DRX
65%
Paper Rex
63%
Leviatan
59%
KRU esport
52%
Team Secret
48%
BiliBili Gaming
44%
Evil Genius
43%
Talon Esport
43%
BBL Esport
41%
DetonatioN FocusMe / DFM
34%
Tyloo
34%
Zeta Division
33%
Fun Plus Phoenix
32%
Boom esport
31%
Trace esport
26%
Rex Regum Qeon / RRQ
25%
Wolves esport
25%
Nova esport
22%
Global Esport
19%
All Gamers
18%
Dragon Ranger Gaming
10%
JD Gaming
10%
2game esport
9%
XLG esport
8%
Titan esport club
4%
Sin Prisa gaming
3%
Aucun quiz correspondant
Distribution des résultats
% des personnes avec chaque résultat
Percentile par nombre de réponses
Votre historique - résultats
Vous n’avez pas pris ce quiz